Historia económica de los países capitalistas
Guardat en:
| Autors principals: | , |
|---|---|
| Format: | Llibre |
| Idioma: | espanyol |
| Publicat: |
Ciudad de México
Grijalbo
1965
|
| Matèries: | |
| Etiquetes: |
Afegir etiqueta
Sense etiquetes, Sigues el primer a etiquetar aquest registre!
|
MARC
| LEADER | 00000nam a2200000 a 4500 | ||
|---|---|---|---|
| 001 | UCR8069 | ||
| 003 | CL-VaPUC | ||
| 008 | 980519e19650000MX |||||||||||||||||spa|d | ||
| 082 | 0 | 4 | |a 330.122 |b AVD |2 21 |
| 100 | 0 | |a Avdakov, Y. F |e author |9 409734 | |
| 700 | 0 | |a Polianski, F. Y |e author |9 409735 | |
| 245 | 1 | 0 | |a Historia económica de los países capitalistas |
| 300 | |a 590 p | ||
| 942 | |c BK | ||
| 945 | |d 19980519 00:00:00 |a crobeson | ||
| 260 | |a Ciudad de México |b Grijalbo |c 1965 | ||
| 650 | 0 | |a Historia económica |9 307218 | |
| 650 | 0 | |a Capitalismo |9 255255 | |
| 650 | 0 | |a Economía |9 255568 | |
| 650 | 0 | |a Esclavitud |9 323605 | |
| 650 | 0 | |a Feudalismo |9 313469 | |
| 650 | 0 | |a Economía de libre mercado |9 341238 | |
| 583 | |a last modification |c 19980519 00:00:00 |k Rodrigo Vera | ||
| 999 | |c 269635 |d 269633 | ||
| 952 | |0 0 |1 0 |4 0 |6 330_122000000000000_AVD_1965 |7 0 |8 A |9 303433 |a BIBENE |b BIBENE |d 2019-11-20 |i 1402935 |o 330.122 AVD 1965 |p 1402935 |r 2025-01-15 |w 2019-11-20 |y BK |k ICO | ||